LIBRARY & INFORMATION CENTRE, KCAET, TAVANUR

ONLINE PUBLIC ACCESS CATALOGUE (OPAC)

Physical and mathematical tables / (Record no. 3797)

MARC details
000 -LEADER
fixed length control field 00431cam a2200169ua 4500
041 ## - LANGUAGE CODE
Language code of text/sound track or separate title eng
082 ## - DEWEY DECIMAL CLASSIFICATION NUMBER
Classification number 530
Item number CLA/PH
100 ## - MAIN ENTRY--AUTHOR NAME
Personal name Clark, John B.
245 ## - TITLE STATEMENT
Title Physical and mathematical tables /
260 ## - PUBLICATION, DISTRIBUTION, ETC. (IMPRINT)
Place of publication Edinborough :
Name of publisher Oliver and Boyd ,
Year of publication 1965.
300 ## - PHYSICAL DESCRIPTION
Number of Pages 91 ; .
500 ## - GENERAL NOTE
General note **Reference
700 1# - ADDED ENTRY--PERSONAL NAME
Personal name Aitken, Alexander C .
942 ## - ADDED ENTRY ELEMENTS (KOHA)
Koha item type Books
Holdings
Withdrawn status Lost status Damaged status Home library Current library Date acquired Full call number Accession Number Koha item type Public note
Withdrawn     KAUAET Sanskrit University 07/04/2012 530 8253 Books Transferred to Sanskrit University
free website counter